000 00451nam a22001817a 4500
003 MPLRDC
005 20220104142555.0
008 210129b ||||| |||| 00| 0 eng d
020 _a957-05-1157-5
082 _a857.7 LQb
100 _a鹿桥
245 _a未央歌
_c
250 _a二版四刷
260 _a台湾
_b商务印书馆股份有限公司
_c1997
300 _b613
650 _a中国文学--长篇小说
942 _cBK
_o857.7 LQb
999 _c31979
_d31969